Daňová licencia právnickej osoby

Analýza právnej úpravy daňových licencií. Poukázanie na názory odbornej verejnosti na jej prijatie. Autor neopomína konanie pred Ústavným súdom SR vo veci súladu ustanovení zákona o dani z príjmov, ktoré upravujú problematiku daňových licencií, s Ústavou SR, ako aj Listinou základných práv a slobôd.

Gespeichert in:
Bibliographische Detailangaben
1. Verfasser: Filo, Matúš
Format: Buchkapitel
Sprache:Slowakisch
Schlagworte:
Tags: Tag hinzufügen
Keine Tags, Fügen Sie das erste Tag hinzu!

MARC

LEADER 00000naa a2200000 4500
001 0272645
005 20210322132820.1
041 0 |a slo 
044 |a SK 
245 1 0 |a Daňová licencia právnickej osoby  |c Matúš Filo 
520 |a Analýza právnej úpravy daňových licencií. Poukázanie na názory odbornej verejnosti na jej prijatie. Autor neopomína konanie pred Ústavným súdom SR vo veci súladu ustanovení zákona o dani z príjmov, ktoré upravujú problematiku daňových licencií, s Ústavou SR, ako aj Listinou základných práv a slobôd. 
610 2 0 |a licencie daňové 
610 2 0 |a osoby právnické 
610 2 0 |a únik daňový 
610 2 0 |a dane z príjmov 
100 1 |a Filo, Matúš